000 00327nam a2200145Ia 4500
008 090122s9999 xx 000 0 und d
082 _b7467
_a822
100 _aChekhov
_bAnton
245 _aSilected Works
600 _aChekhov
630 _aSilected Works
700 _aChekhov
730 _aSilected Works
942 _cBOOK
999 _c31544
_d31544